000 01226cam a2200217 4500
001 WB3910-13
008 030311n2003 000 0 eng u
035 _a(Sirsi) u121602
245 _aBrownfield housing strategy should be scrapped
260 _c2003
490 _aPlanning (for the Natural and Built Environment)
_v7 March 2003, 3(1)
520 _a"Green cities: and why we need them", a new report from the New Economics Foundation calls for the scrapping of the government target of 60% of housing on brownfield sites and argues that the government's support of high-density housing in urban areas is a planning disaster in the making and no solution for the housing shortfall in the long term. Planning strategies striving to protect greenfied sites fail to take account of counter-urbanisation trends in the UK. The report recommends a large-scale programme of recreating the countryside in cities. The report is available at http://www.neweconomics.org/uploadstore/pubs/Green%20Cities.pdf
590 _aWB
650 _aBROWNFIELD SITES
650 _aGREENFIELD SITES
650 _aHIGH DENSITY HOUSING
650 _aURBANISATION
650 _aGREEN SPACE
690 _aHOUSING-DEVELOPMENT
942 _n0
999 _c72287
_d72287